[Event "Tradewise Gibraltar Chess Festival 2013"]
[Site "Gibraltar ENG"]
[Date "2013.01.22"]
[Round "1.112"]
[White "Viana, Eduardo Escudeiro"]
[Black "Storey, Charles H"]
[Result "0-1"]
[WhiteElo "1600"]
[BlackElo "2245"]
[PlyCount "65"]
[EventDate "2013.01.22"]
[EventType "swiss"]
[EventRounds "10"]
[EventCountry "ENG"]
[Source "lmi"]
[SourceDate "2013.01.22"]

1. d4 g6 2. Nf3 Bg7 3. c4 c5 4. d5 f5 5. d6 e6 6. Nc3 Nf6 7. Nb5 Na6 8. e3 b6
9. Be2 Bb7 10. a3 O-O 11. h4 Qe8 12. Kf1 e5 13. Ng5 h6 14. Nf3 Qe6 15. Kg1 Ne8
16. Rh3 e4 17. Nh2 Be5 18. Rb1 Nxd6 19. Nxd6 Qxd6 20. Qc2 Nc7 21. b3 Qf6 22.
Nf1 Ne6 23. Ng3 Rad8 24. Bb2 Bxb2 25. Rxb2 d5 26. Rb1 d4 27. exd4 cxd4 28. Bf1
d3 29. Qd2 f4 30. h5 g5 31. Nxe4 Bxe4 32. Bxd3 Nc5 33. Rd1 0-1

[Event "Tradewise Gibraltar Chess Festival 2013"]
[Site "Gibraltar ENG"]
[Date "2013.01.22"]
[Round "1.113"]
[White "Nuri, Kambez"]
[Black "Tveten, Per"]
[Result "1-0"]
[WhiteElo "2241"]
[BlackElo "1597"]
[PlyCount "49"]
[EventDate "2013.01.22"]
[EventType "swiss"]
[EventRounds "10"]
[EventCountry "ENG"]
[Source "lmi"]
[SourceDate "2013.01.22"]

1. e4 e5 2. Nf3 Nc6 3. d4 exd4 4. Nxd4 Bc5 5. Be3 Bxd4 6. Bxd4 f6 7. Bc4 Qe7 8.
O-O Nxd4 9. Qxd4 d6 10. Nc3 c6 11. Rad1 Be6 12. Bxe6 Qxe6 13. Qxd6 Qxd6 14.
Rxd6 Ne7 15. Rfd1 b5 16. a4 b4 17. Ne2 O-O 18. Nf4 Rac8 19. Rd7 Ng6 20. Ne6
Rfe8 21. Nxg7 Re7 22. Nf5 Rxe4 23. Nd6 Re7 24. Rxe7 Nxe7 25. Nxc8 1-0

[Event "Tradewise Gibraltar Chess Festival 2013"]
[Site "Gibraltar ENG"]
[Date "2013.01.22"]
[Round "1.114"]
[White "Piovar, Jaroslav"]
[Black "Lederman, Leon"]
[Result "0-1"]
[WhiteElo "1536"]
[BlackElo "2239"]
[PlyCount "92"]
[EventDate "2013.01.22"]
[EventType "swiss"]
[EventRounds "10"]
[EventCountry "ENG"]
[Source "lmi"]
[SourceDate "2013.01.22"]

1. d4 d5 2. c4 e6 3. Nc3 Nf6 4. cxd5 exd5 5. Qc2 c6 6. Bg5 Be7 7. e3 O-O 8. Bd3
Nbd7 9. Nge2 Re8 10. O-O Nf8 11. f3 h6 12. Bh4 Ne6 13. Bf2 Bd7 14. e4 dxe4 15.
Nxe4 Nd5 16. a3 Nef4 17. Bc4 Nxe2+ 18. Bxe2 Bf5 19. Qd2 Bg6 20. Rad1 h5 21. Bc4
h4 22. Rfe1 Qd7 23. Nc5 Qc7 24. Bxd5 cxd5 25. Rc1 Bd6 26. Rxe8+ Rxe8 27. Bxh4
Bxh2+ 28. Kf1 Bf4 29. Nb3 Qxc1+ 30. Qxc1 Bxc1 31. Nxc1 Rc8 32. Na2 Rc2 33. Nb4
Rxb2 34. Nxd5 Bd3+ 35. Ke1 Rxg2 36. Nf4 Rg1+ 37. Kd2 Bb5 38. Bf2 Ra1 39. Kc2
Ra2+ 40. Kb3 Rxf2 41. Kb4 Rxf3 42. Kxb5 Rxf4 43. Kc5 Rf3 44. d5 Rf6 45. a4 Kf8
46. a5 g5 0-1

[Event "Tradewise Gibraltar Chess Festival 2013"]
[Site "Gibraltar ENG"]
[Date "2013.01.22"]
[Round "1.115"]
[White "Dolzhikova, Olga"]
[Black "Berggren, Klas"]
[Result "1-0"]
[WhiteElo "2239"]
[BlackElo "1523"]
[PlyCount "29"]
[EventDate "2013.01.22"]
[EventType "swiss"]
[EventRounds "10"]
[EventCountry "ENG"]
[Source "lmi"]
[SourceDate "2013.01.22"]

1. e4 e5 2. d4 exd4 3. Qxd4 Nc6 4. Qe3 d6 5. Nc3 Nf6 6. Bd2 Be7 7. O-O-O O-O 8.
Bc4 Na5 9. Bd3 Nc6 10. f4 Ng4 11. Qe1 f5 12. exf5 Bxf5 13. Bxf5 Rxf5 14. Qe6+
Kh8 15. Qxf5 1-0

[Event "Tradewise Gibraltar Chess Festival 2013"]
[Site "Gibraltar ENG"]
[Date "2013.01.22"]
[Round "1.118"]
[White "Nafri, Khalil"]
[Black "Loew, Gerald"]
[Result "1/2-1/2"]
[WhiteElo "2091"]
[BlackElo "2231"]
[PlyCount "39"]
[EventDate "2013.01.22"]
[EventType "swiss"]
[EventRounds "10"]
[EventCountry "ENG"]
[Source "lmi"]
[SourceDate "2013.01.22"]

1. e4 c5 2. Nf3 g6 3. d4 cxd4 4. Nxd4 Bg7 5. Be3 Nf6 6. Nc3 Nc6 7. Bc4 O-O 8.
Bb3 a5 9. a4 Ng4 10. Qxg4 Nxd4 11. Qh4 Nxb3 12. cxb3 Bf6 13. Bg5 Bxg5 14. Qxg5
d6 15. Nd5 e6 16. Nf6+ Kg7 17. Nh5+ Kh8 18. Nf6 Kg7 19. Nh5+ Kh8 20. Nf6
1/2-1/2

[Event "Tradewise Gibraltar Chess Festival 2013"]
[Site "Gibraltar ENG"]
[Date "2013.01.23"]
[Round "2.1"]
[White "Telljohann, Sven"]
[Black "Adams, Michael"]
[Result "0-1"]
[WhiteElo "2423"]
[BlackElo "2725"]
[PlyCount "58"]
[EventDate "2013.01.22"]
[EventType "swiss"]
[EventRounds "10"]
[EventCountry "ENG"]
[Source "lmi"]
[SourceDate "2013.01.22"]

1. Nf3 d5 2. d4 Nf6 3. Bf4 c5 4. e3 Nc6 5. c3 Qb6 6. Qb3 c4 7. Qc2 Bf5 8. Qc1
e6 9. h3 Be7 10. Nbd2 Qd8 11. Ne5 O-O 12. Be2 Nxe5 13. Bxe5 Nd7 14. Bh2 b5 15.
O-O Nb6 16. Re1 Qd7 17. Bd1 Bd3 18. Nf3 f6 19. Bc2 Bxc2 20. Qxc2 b4 21. e4 Rfc8
22. exd5 Nxd5 23. Re4 a5 24. Nd2 a4 25. a3 bxc3 26. bxc3 Ra6 27. Ree1 Rb6 28.
Reb1 Rb3 29. Ne4 Bxa3 0-1

[Event "Tradewise Gibraltar Chess Festival 2013"]
[Site "Gibraltar ENG"]
[Date "2013.01.23"]
[Round "2.2"]
[White "Wojtaszek, Radoslaw"]
[Black "Docx, Stefan"]
[Result "1-0"]
[WhiteElo "2723"]
[BlackElo "2426"]
[PlyCount "63"]
[EventDate "2013.01.22"]
[EventType "swiss"]
[EventRounds "10"]
[EventCountry "ENG"]
[Source "lmi"]
[SourceDate "2013.01.22"]

1. d4 Nf6 2. c4 g6 3. Nc3 d5 4. Nf3 Bg7 5. Qb3 dxc4 6. Qxc4 O-O 7. Bf4 c6 8. e4
b5 9. Qb3 Qa5 10. Bd3 Be6 11. Qd1 Bg4 12. O-O Nbd7 13. e5 Nh5 14. Bg5 c5 15.
Bxb5 Bxf3 16. Qxf3 cxd4 17. Bxd7 dxc3 18. Qxc3 Qxc3 19. bxc3 Rfd8 20. Rfd1 Bxe5
21. Bxe7 Bxc3 22. Rac1 Nf4 23. Kf1 Rxd7 24. Rxd7 Ba5 25. Bc5 Bb6 26. Bxb6 axb6
27. Rc2 Ra5 28. Rcd2 Rb5 29. g3 Ne6 30. Ra7 Nc5 31. Re2 Ne6 32. Re3 1-0

[Event "Tradewise Gibraltar Chess Festival 2013"]
[Site "Gibraltar ENG"]
[Date "2013.01.23"]
[Round "2.5"]
[White "Bellon Lopez, Juan Manuel"]
[Black "Shirov, Alexei"]
[Result "1/2-1/2"]
[WhiteElo "2404"]
[BlackElo "2708"]
[PlyCount "112"]
[EventDate "2013.01.22"]
[EventType "swiss"]
[EventRounds "10"]
[EventCountry "ENG"]
[Source "lmi"]
[SourceDate "2013.01.22"]

1. d4 Nf6 2. Bg5 e6 3. e4 h6 4. Bxf6 Qxf6 5. Nc3 Bb4 6. Qd2 c5 7. a3 Bxc3 8.
Qxc3 Qxd4 9. Qxd4 cxd4 10. Nf3 Nc6 11. Bb5 O-O 12. O-O-O e5 13. Bxc6 dxc6 14.
Nxe5 Re8 15. Nf3 c5 16. Nd2 Be6 17. Rhe1 Rad8 18. Nf1 a5 19. Ng3 b5 20. f3 b4
21. axb4 axb4 22. b3 d3 23. Nh5 dxc2 24. Kxc2 Rxd1 25. Rxd1 f5 26. Ng3 Ra8 27.
Rb1 f4 28. Ne2 g5 29. Nc1 Bd7 30. Nd3 Bb5 31. Rd1 Kf8 32. Nb2 Ke7 33. h4 gxh4
34. Rh1 Rg8 35. Rxh4 Rxg2+ 36. Kc1 Rg1+ 37. Kd2 Rg2+ 38. Kc1 Kd6 39. Rxf4 Rg1+
40. Kd2 Rg2+ 41. Kc1 Ke5 42. Rf5+ Kd4 43. Rd5+ Ke3 44. Nc4+ Kxf3 45. Rxc5 Be8
46. Rc8 Rg8 47. e5 h5 48. e6 h4 49. Rc7 h3 50. Rh7 Rg1+ 51. Kd2 Rg2+ 52. Ke1
Rg1+ 53. Kd2 Kg3 54. Nd6 Bg6 55. Rh6 Kf4 56. Rxh3 Ke5 1/2-1/2

[Event "Tradewise Gibraltar Chess Festival 2013"]
[Site "Gibraltar ENG"]
[Date "2013.01.23"]
[Round "2.6"]
[White "Le, Quang Liem"]
[Black "Roser, Kevin"]
[Result "1-0"]
[WhiteElo "2705"]
[BlackElo "2409"]
[PlyCount "47"]
[EventDate "2013.01.22"]
[EventType "swiss"]
[EventRounds "10"]
[EventCountry "ENG"]
[Source "lmi"]
[SourceDate "2013.01.22"]

1. d4 Nf6 2. c4 e6 3. g3 d5 4. Bg2 dxc4 5. Nf3 a6 6. O-O Nc6 7. e3 Bd7 8. Qe2
b5 9. Nc3 Nd5 10. e4 Nxc3 11. bxc3 Bd6 12. Bg5 Be7 13. d5 Na5 14. dxe6 Bxe6 15.
Rad1 Qc8 16. Bxe7 Kxe7 17. Nd4 Rd8 18. Qh5 c5 19. Nf5+ Bxf5 20. exf5 Rxd1 21.
Rxd1 f6 22. Re1+ Kf8 23. Qxh7 Qd8 24. Bxa8 1-0

[Event "Tradewise Gibraltar Chess Festival 2013"]
[Site "Gibraltar ENG"]
[Date "2013.01.23"]
[Round "2.7"]
[White "Vitiugov, Nikita"]
[Black "Arakhamia-Grant, Ketevan"]
[Result "1-0"]
[WhiteElo "2694"]
[BlackElo "2405"]
[PlyCount "129"]
[EventDate "2013.01.22"]
[EventType "swiss"]
[EventRounds "10"]
[EventCountry "ENG"]
[Source "lmi"]
[SourceDate "2013.01.22"]

1. d4 Nf6 2. c4 g6 3. Nc3 Bg7 4. e4 d6 5. Nf3 O-O 6. h3 e5 7. d5 Nh5 8. Be3 Na6
9. a3 Qe8 10. b4 f5 11. Rc1 Nf6 12. c5 f4 13. Bd2 dxc5 14. Bxa6 bxa6 15. bxc5
g5 16. c6 Rb8 17. Qc2 Qh5 18. Rh2 Re8 19. Kf1 Bf8 20. Qa2 Kh8 21. Re1 Qg6 22.
Kg1 Bc5 23. Na4 Bd6 24. Qc4 g4 25. hxg4 Nxg4 26. Rh1 Rg8 27. Nh4 Qg7 28. Qc3
Be7 29. Qf3 Nh6 30. Bc3 Bf6 31. Nc5 Bg4 32. Qd3 Qe7 33. Nf3 Nf7 34. Nd7 Bxd7
35. cxd7 Qxd7 36. Nd2 Rg7 37. Qxa6 Rb6 38. Qe2 Rb8 39. Qa6 Rb6 40. Qd3 Rb8 41.
Kf1 Rbg8 42. Rh2 Qa4 43. Qc4 Qd7 44. Qd3 Qa4 45. Ba1 Nd6 46. Rc1 Qe8 47. Rh6
Qe7 48. Nf3 Re8 49. Rc6 Qf8 50. Bc3 Rge7 51. Rh2 Qg7 52. Nd2 Qg6 53. Bb4 Rd7
54. Ra6 Qg4 55. Qe2 Qg7 56. Qh5 Rb8 57. Rxa7 c5 58. Rxd7 Qxd7 59. Bc3 Nxe4 60.
Nxe4 Rb1+ 61. Ke2 Qb5+ 62. Kf3 Qd3+ 63. Kg4 Qxe4 64. f3 Qc2 65. Qf7 1-0

[Event "Tradewise Gibraltar Chess Festival 2013"]
[Site "Gibraltar ENG"]
[Date "2013.01.23"]
[Round "2.8"]
[White "Teran Alvarez, Ismael"]
[Black "Short, Nigel D"]
[Result "1-0"]
[WhiteElo "2399"]
[BlackElo "2690"]
[PlyCount "63"]
[EventDate "2013.01.22"]
[EventType "swiss"]
[EventRounds "10"]
[EventCountry "ENG"]
[Source "lmi"]
[SourceDate "2013.01.22"]

1. e4 e6 2. d4 d5 3. Nc3 Nf6 4. e5 Nfd7 5. f4 c5 6. Nf3 Qb6 7. Be3 a6 8. a3 Qa7
9. Ne2 Nc6 10. c3 c4 11. g4 b5 12. Ng3 Nb6 13. Bg2 Na4 14. Qc2 Bd7 15. O-O h6
16. Rae1 O-O-O 17. f5 Kb8 18. Rf2 Bc8 19. Nh5 Qd7 20. Nh4 Rg8 21. Ref1 Qe8 22.
h3 exf5 23. Nxf5 f6 24. exf6 Bxf5 25. Bf4+ Bd6 26. Bxd6+ Rxd6 27. Qxf5 g6 28.
Qf4 Qd8 29. f7 Rf8 30. Ng7 g5 31. Qg3 Ka7 32. Re1 1-0

[Event "Tradewise Gibraltar Chess Festival 2013"]
[Site "Gibraltar ENG"]
[Date "2013.01.23"]
[Round "2.9"]
[White "Nezad, Husein Aziz"]
[Black "Yu, Yangyi"]
[Result "0-1"]
[WhiteElo "2394"]
[BlackElo "2688"]
[PlyCount "82"]
[EventDate "2013.01.22"]
[EventType "swiss"]
[EventRounds "10"]
[EventCountry "ENG"]
[Source "lmi"]
[SourceDate "2013.01.22"]

1. d4 Nf6 2. c4 g6 3. Nc3 d5 4. Bg5 Ne4 5. Bh4 Nxc3 6. bxc3 dxc4 7. e3 Be6 8.
Nf3 Nd7 9. Be2 Bg7 10. O-O O-O 11. Nd2 Nb6 12. e4 c5 13. d5 Bd7 14. d6 Bf6 15.
Bxf6 exf6 16. Nxc4 Bc6 17. f3 Qd7 18. Qd2 Rfd8 19. Rfd1 Ba4 20. Rdb1 Nxc4 21.
Bxc4 b5 22. Bb3 Qxd6 23. Qxd6 Rxd6 24. Bxa4 bxa4 25. Rb2 Rad8 26. Rc2 Rd2 27.
Rac1 c4 28. Kf1 Kg7 29. Ke1 Rxc2 30. Rxc2 Rd3 31. Kf2 h5 32. Kg3 g5 33. Rb2 h4+
34. Kh3 Rxc3 35. Rb4 a3 36. Ra4 Kg6 37. Rxa7 Kh5 38. Ra5 Re3 39. Rc5 c3 40. g4+
Kg6 41. Kg2 Re2+ 0-1

[Event "Tradewise Gibraltar Chess Festival 2013"]
[Site "Gibraltar ENG"]
[Date "2013.01.23"]
[Round "2.10"]
[White "Sutovsky, Emil"]
[Black "Melia, Salome"]
[Result "1/2-1/2"]
[WhiteElo "2684"]
[BlackElo "2403"]
[PlyCount "63"]
[EventDate "2013.01.22"]
[EventType "swiss"]
[EventRounds "10"]
[EventCountry "ENG"]
[Source "lmi"]
[SourceDate "2013.01.22"]

1. e4 c5 2. Nf3 d6 3. d4 Nf6 4. Nc3 cxd4 5. Nxd4 g6 6. Be3 Bg7 7. f3 O-O 8. Qd2
Nc6 9. O-O-O d5 10. exd5 Nxd5 11. Nxc6 bxc6 12. Bd4 Bxd4 13. Qxd4 Qb6 14. Na4
Qc7 15. Bc4 Rb8 16. Bxd5 cxd5 17. Nc3 e6 18. Qf6 Bd7 19. Rxd5 Qb7 20. Rd4 Qxb2+
21. Kd2 Bc6 22. h4 Qb6 23. Rb1 Qa5 24. Rxb8 Rxb8 25. g4 h5 26. g5 Rc8 27. f4
Qb6 28. Qe5 Bf3 29. a4 Qb2 30. Qa5 Bd5 31. Qb4 Qa1 32. Rd3 1/2-1/2

[Event "Tradewise Gibraltar Chess Festival 2013"]
[Site "Gibraltar ENG"]
[Date "2013.01.23"]
[Round "2.11"]
[White "Georgiadis, Nico"]
[Black "Fridman, Daniel"]
[Result "1/2-1/2"]
[WhiteElo "2369"]
[BlackElo "2667"]
[PlyCount "74"]
[EventDate "2013.01.22"]
[EventType "swiss"]
[EventRounds "10"]
[EventCountry "ENG"]
[Source "lmi"]
[SourceDate "2013.01.22"]

1. e4 g6 2. d4 Bg7 3. Nc3 c6 4. Nf3 d6 5. h3 Nf6 6. a4 O-O 7. Be3 Nbd7 8. Bd3
e5 9. O-O Re8 10. Re1 b6 11. Qd2 a6 12. Bc4 exd4 13. Bxd4 Bb7 14. Qf4 b5 15.
axb5 axb5 16. Rxa8 Bxa8 17. Bb3 Qe7 18. e5 dxe5 19. Nxe5 c5 20. Re2 cxd4 21.
Nxf7 dxc3 22. Rxe7 Rxe7 23. Ne5+ Bd5 24. Nxd7 cxb2 25. Nxf6+ Bxf6 26. Bxd5+ Kg7
27. Qb4 Ra7 28. Kh2 Ra1 29. Ba2 Rxa2 30. c3 h5 31. Qb3 Be5+ 32. g3 b1=Q 33.
Qxb1 Rxf2+ 34. Kg1 Rf5 35. g4 hxg4 36. hxg4 Rf4 37. Qxb5 Bxc3 1/2-1/2

[Event "Tradewise Gibraltar Chess Festival 2013"]
[Site "Gibraltar ENG"]
[Date "2013.01.23"]
[Round "2.12"]
[White "Iturrizaga, Eduardo"]
[Black "Tania, Sachdev"]
[Result "1-0"]
[WhiteElo "2650"]
[BlackElo "2403"]
[PlyCount "107"]
[EventDate "2013.01.22"]
[EventType "swiss"]
[EventRounds "10"]
[EventCountry "ENG"]
[Source "lmi"]
[SourceDate "2013.01.22"]

1. d4 Nf6 2. Nf3 e6 3. g3 d5 4. Bg2 b5 5. Bg5 Bb7 6. Qd3 a6 7. Nbd2 Nbd7 8. O-O
c5 9. Ne5 Be7 10. Nxd7 Nxd7 11. Bxe7 Qxe7 12. e4 dxe4 13. Nxe4 cxd4 14. Qxd4
O-O 15. Rfd1 Rfd8 16. a4 Nf6 17. Nxf6+ gxf6 18. Qg4+ Kf8 19. axb5 Bxg2 20. Kxg2
axb5 21. Rxa8 Qb7+ 22. Kh3 Rxa8 23. Qh5 Ke7 24. Qc5+ Ke8 25. Qh5 Ke7 26. Qc5+
Ke8 27. Rd4 Rc8 28. Qh5 Rc4 29. Rd2 Ke7 30. Qxh7 f5 31. Qg8 Qc7 32. Qg5+ Ke8
33. c3 Rg4 34. Qf6 Re4 35. f4 Ra4 36. Qh8+ Ke7 37. Qh4+ Ke8 38. Qg5 Rc4 39. Rd1
Ra4 40. Qf6 Ra2 41. Rd2 Ra4 42. Qh8+ Ke7 43. Qh6 Re4 44. Kh4 e5 45. Kg5 exf4
46. Qf6+ Ke8 47. Kxf5 Re6 48. Qh8+ Ke7 49. Qh4+ Ke8 50. Qxf4 Qc8 51. Kg5 Kf8
52. Kh4 Kg7 53. Qg4+ Kh7 54. Rd6 1-0

[Event "Tradewise Gibraltar Chess Festival 2013"]
[Site "Gibraltar ENG"]
[Date "2013.01.23"]
[Round "2.13"]
[White "Wemmers, Xander"]
[Black "Tkachiev, Vladislav"]
[Result "0-1"]
[WhiteElo "2349"]
[BlackElo "2650"]
[PlyCount "70"]
[EventDate "2013.01.22"]
[EventType "swiss"]
[EventRounds "10"]
[EventCountry "ENG"]
[Source "lmi"]
[SourceDate "2013.01.22"]

1. d4 Nf6 2. c4 e6 3. Nc3 Bb4 4. e3 O-O 5. Nge2 c6 6. a3 Ba5 7. Ng3 d5 8. Bd3
dxc4 9. Bxc4 c5 10. O-O cxd4 11. Nce4 Nxe4 12. Nxe4 Nc6 13. Qh5 Bc7 14. f4 Bb6
15. Rf3 h6 16. Bd2 dxe3 17. Bxe3 Bxe3+ 18. Rxe3 Qd4 19. Qe2 e5 20. Rd1 Qb6 21.
Kh1 exf4 22. Rb3 Nd4 23. Rxb6 Nxe2 24. Rbd6 Bg4 25. R1d2 Rac8 26. b3 b5 27.
Bxe2 Bxe2 28. h3 f3 29. Kg1 Rc1+ 30. Kh2 Rb1 31. b4 fxg2 32. Kxg2 Bf1+ 33. Kg3
Rb3+ 34. Kf4 Bxh3 35. Ra6 Re8 0-1

[Event "Tradewise Gibraltar Chess Festival 2013"]
[Site "Gibraltar ENG"]
[Date "2013.01.23"]
[Round "2.14"]
[White "Georgiev, Kiril"]
[Black "Quillan, Gary"]
[Result "1-0"]
[WhiteElo "2643"]
[BlackElo "2398"]
[PlyCount "137"]
[EventDate "2013.01.22"]
[EventType "swiss"]
[EventRounds "10"]
[EventCountry "ENG"]
[Source "lmi"]
[SourceDate "2013.01.22"]

1. d4 e6 2. Nf3 Nf6 3. c4 c5 4. d5 exd5 5. cxd5 d6 6. Nc3 g6 7. Bf4 a6 8. a4
Bg7 9. h3 O-O 10. e3 Ne8 11. Be2 Qe7 12. O-O Nd7 13. Re1 Rb8 14. Bf1 h6 15. e4
g5 16. Bg3 Ne5 17. Nxe5 Bxe5 18. Bxe5 Qxe5 19. Qd2 Kh8 20. Rab1 Nf6 21. b4 cxb4
22. Rxb4 Nd7 23. a5 b5 24. axb6 Rxb6 25. Na2 Rxb4 26. Nxb4 Re8 27. Nc6 Qf6 28.
Qa5 Ne5 29. Bxa6 Bxa6 30. Qxa6 Qg6 31. Nd4 g4 32. hxg4 Nxg4 33. Qd3 Qh5 34. Nf3
Rg8 35. Rb1 Qg6 36. g3 Qh5 37. Qd4+ Kh7 38. Kg2 Re8 39. Rb7 Qg6 40. Nh4 Qxe4+
41. Qxe4+ Rxe4 42. Rxf7+ Kg8 43. Rd7 h5 44. f3 Ne3+ 45. Kf2 Nd1+ 46. Kf1 Ne3+
47. Ke2 Re8 48. Kd3 Nxd5 49. Rxd6 Nc7 50. Rh6 Re5 51. Rc6 Ne8 52. Kd4 Ra5 53.
Ke4 Kf7 54. Kf4 Nf6 55. Rc7+ Ke6 56. Rb7 Rc5 57. Ra7 Rb5 58. Ra6+ Kf7 59. Ra7+
Ke6 60. Ra3 Kf7 61. Ke3 Rg5 62. Kf2 Rb5 63. Kg2 Rg5 64. Kh3 Rb5 65. Ra7+ Ke6
66. Ng6 Kf5 67. Nf4 Kg5 68. Rg7+ Kf5 69. Kh4 1-0

[Event "Tradewise Gibraltar Chess Festival 2013"]
[Site "Gibraltar ENG"]
[Date "2013.01.23"]
[Round "2.16"]
[White "Bartel, Mateusz"]
[Black "Jones, Richard S"]
[Result "1/2-1/2"]
[WhiteElo "2629"]
[BlackElo "2393"]
[PlyCount "111"]
[EventDate "2013.01.22"]
[EventType "swiss"]
[EventRounds "10"]
[EventCountry "ENG"]
[Source "lmi"]
[SourceDate "2013.01.22"]

1. c4 Nf6 2. Nc3 e5 3. g3 Nc6 4. Bg2 Bb4 5. Nd5 Bc5 6. d3 Nxd5 7. cxd5 Ne7 8.
Nf3 d6 9. d4 exd4 10. Nxd4 O-O 11. O-O Bd7 12. h3 Re8 13. Kh2 Bb6 14. a4 c6 15.
dxc6 bxc6 16. a5 Bxa5 17. Nb5 Nf5 18. Nxd6 Nxd6 19. Qxd6 Bb6 20. e4 Be6 21.
Qxc6 Rc8 22. Qa4 Rc4 23. Qa3 Rc2 24. Be3 Bxe3 25. Qxe3 Rxb2 26. Rxa7 Qd2 27.
Qxd2 Rxd2 28. Kg1 g5 29. Rfa1 Kg7 30. Ra8 Rxa8 31. Rxa8 Rd1+ 32. Kh2 Rd2 33. f4
Bc4 34. Ra1 Be2 35. Kg1 gxf4 36. gxf4 Rd1+ 37. Rxd1 Bxd1 38. Kf2 Bb3 39. Ke3 f6
40. Kd4 Kf8 41. Kc5 Ke7 42. Bf3 Bf7 43. Bg4 h6 44. h4 Ba2 45. Bh5 Bb3 46. Bg6
Ba2 47. Kd4 Bb3 48. e5 fxe5+ 49. Kxe5 Be6 50. Be4 Bg4 51. Bd5 Bd7 52. f5 Kf8
53. Kf6 Bxf5 54. Kxf5 Kg7 55. h5 Kh8 56. Kg6 1/2-1/2

[Event "Tradewise Gibraltar Chess Festival 2013"]
[Site "Gibraltar ENG"]
[Date "2013.01.23"]
[Round "2.17"]
[White "Dittmar, Peter"]
[Black "Swiercz, Dariusz"]
[Result "0-1"]
[WhiteElo "2330"]
[BlackElo "2627"]
[PlyCount "68"]
[EventDate "2013.01.22"]
[EventType "swiss"]
[EventRounds "10"]
[EventCountry "ENG"]
[Source "lmi"]
[SourceDate "2013.01.22"]

1. d4 Nf6 2. c4 e6 3. Nc3 Bb4 4. e3 O-O 5. Nge2 d5 6. a3 Be7 7. Nf4 c6 8. cxd5
exd5 9. Bd3 Re8 10. O-O a5 11. Bc2 Na6 12. f3 b5 13. e4 b4 14. Na4 dxe4 15.
fxe4 g6 16. Bb3 Nc7 17. Nb6 Bg4 18. Qd3 Rb8 19. Nc4 bxa3 20. bxa3 Ne6 21. Be3
Nc5 22. dxc5 Qxd3 23. Nxd3 Rxb3 24. Nde5 Rxe3 25. Nxe3 Bxc5 26. N5c4 Be2 27.
Rxf6 Bxc4 28. Re1 Rxe4 29. Kf2 Bd5 30. g3 Kg7 31. Rf4 Re5 32. g4 h6 33. Re2 g5
34. Ra4 Bb6 0-1

[Event "Tradewise Gibraltar Chess Festival 2013"]
[Site "Gibraltar ENG"]
[Date "2013.01.23"]
[Round "2.19"]
[White "Omar, Noaman"]
[Black "Salgado Lopez, Ivan"]
[Result "0-1"]
[WhiteElo "2314"]
[BlackElo "2606"]
[PlyCount "94"]
[EventDate "2013.01.22"]
[EventType "swiss"]
[EventRounds "10"]
[EventCountry "ENG"]
[Source "lmi"]
[SourceDate "2013.01.22"]

1. d4 d5 2. c4 e6 3. Nc3 Be7 4. Nf3 Nf6 5. cxd5 exd5 6. Bg5 c6 7. e3 Bf5 8. Bd3
Bxd3 9. Bxf6 Bxf6 10. Qxd3 Be7 11. O-O O-O 12. Rab1 a5 13. a3 Na6 14. Rfc1 Re8
15. Na4 Bd6 16. Qd2 Qe7 17. h3 Nc7 18. Nc5 Bxc5 19. dxc5 a4 20. Nd4 g6 21. Qc3
Ra7 22. Qb4 Rea8 23. Rc2 Qe4 24. Rbc1 Qe8 25. Re1 Qe4 26. Rec1 h5 27. Qb6 Qe7
28. Qb4 Ne8 29. Qd2 Ra5 30. f3 Nf6 31. Rc3 Nd7 32. Qc2 Re8 33. Ne2 Nxc5 34. e4
Nb3 35. Rd1 dxe4 36. fxe4 Qxe4 37. Qxe4 Rxe4 38. Ng3 Re7 39. Rc4 Kg7 40. Rd6
Rg5 41. Kh2 b5 42. Rf4 Rc5 43. h4 Na5 44. Rdf6 Rce5 45. Rf2 R5e6 46. R6f4 Nc4
47. Nf1 Ne5 0-1

[Event "Tradewise Gibraltar Chess Festival 2013"]
[Site "Gibraltar ENG"]
[Date "2013.01.23"]
[Round "2.20"]
[White "Ehlvest, Jaan"]
[Black "Kriebel, Tadeas"]
[Result "1-0"]
[WhiteElo "2603"]
[BlackElo "2369"]
[PlyCount "71"]
[EventDate "2013.01.22"]
[EventType "swiss"]
[EventRounds "10"]
[EventCountry "ENG"]
[Source "lmi"]
[SourceDate "2013.01.22"]

1. d4 Nf6 2. Nf3 e6 3. c4 d5 4. Nc3 Be7 5. e3 O-O 6. Bd3 b6 7. O-O dxc4 8. Bxc4
Bb7 9. Qe2 c5 10. dxc5 Bxc5 11. e4 Nbd7 12. a3 Rc8 13. Bf4 Qe7 14. Rad1 Rfd8
15. h3 Nh5 16. Bh2 Qf6 17. Ba6 Bxa6 18. Qxa6 Nf8 19. e5 Qf5 20. b4 Be7 21. Nd4
Qg6 22. Ncb5 Bg5 23. Qxa7 Bf4 24. Nc6 Re8 25. Ne7+ Rxe7 26. Qxe7 Bxh2+ 27. Kxh2
Nf4 28. Qb7 Qg5 29. g3 Re8 30. gxf4 Qxf4+ 31. Kh1 Ng6 32. Nd6 Rf8 33. Qe4 Qh6
34. Qe3 Nf4 35. Rd4 g5 36. Rxf4 1-0

[Event "Tradewise Gibraltar Chess Festival 2013"]
[Site "Gibraltar ENG"]
[Date "2013.01.23"]
[Round "2.21"]
[White "Rudolf, Anna"]
[Black "David, Alberto"]
[Result "1/2-1/2"]
[WhiteElo "2312"]
[BlackElo "2599"]
[PlyCount "79"]
[EventDate "2013.01.22"]
[EventType "swiss"]
[EventRounds "10"]
[EventCountry "ENG"]
[Source "lmi"]
[SourceDate "2013.01.22"]

1. e4 c6 2. Nc3 d5 3. Nf3 Bg4 4. h3 Bxf3 5. Qxf3 e6 6. g3 Nf6 7. Bg2 Be7 8. O-O
O-O 9. d3 Re8 10. Qe2 b5 11. f4 a5 12. g4 Na6 13. g5 Nd7 14. Kh1 Bf8 15. Qf2
Ndc5 16. Ne2 Qd7 17. b3 dxe4 18. dxe4 e5 19. f5 Rad8 20. Be3 Nb7 21. Nc3 Bc5
22. Rad1 Qc7 23. Bxc5 Naxc5 24. Bf3 Rxd1 25. Rxd1 Rd8 26. Qe3 Rd6 27. Kg2 Qd8
28. Rxd6 Qxd6 29. Nb1 Kf8 30. Qd2 Ke7 31. a3 g6 32. Kf2 Qxd2+ 33. Nxd2 Nd6 34.
f6+ Kd8 35. h4 a4 36. b4 Nd7 37. Ke3 Nb6 38. Be2 Kc7 39. Bf1 Kd8 40. Be2
1/2-1/2

[Event "Tradewise Gibraltar Chess Festival 2013"]
[Site "Gibraltar ENG"]
[Date "2013.01.23"]
[Round "2.22"]
[White "Sandipan, Chanda"]
[Black "Sanchez Ibern, Marc"]
[Result "1-0"]
[WhiteElo "2590"]
[BlackElo "2356"]
[PlyCount "77"]
[EventDate "2013.01.22"]
[EventType "swiss"]
[EventRounds "10"]
[EventCountry "ENG"]
[Source "lmi"]
[SourceDate "2013.01.22"]

1. d4 Nf6 2. c4 g6 3. Nc3 d5 4. Nf3 Bg7 5. Qb3 dxc4 6. Qxc4 O-O 7. e4 Be6 8.
Qe2 c5 9. d5 Bc8 10. Bg5 h6 11. Be3 b6 12. Qd2 Kh7 13. e5 Ng4 14. h4 Nd7 15. h5
g5 16. e6 fxe6 17. Bxg5 Nde5 18. Nxe5 Nxe5 19. Bh4 exd5 20. Nxd5 Be6 21. O-O-O
Bxd5 22. Qxd5 Qxd5 23. Rxd5 c4 24. Be2 Rac8 25. Kb1 c3 26. bxc3 Rxc3 27. Rc1
Rxc1+ 28. Kxc1 Rf4 29. Bg3 Re4 30. Kd1 Nc4 31. Rd7 Nb2+ 32. Kd2 Rd4+ 33. Rxd4
Bxd4 34. Bb5 e5 35. f3 Kg7 36. Bh4 Kf7 37. Kc2 a5 38. Be1 Kf6 39. Bd2 1-0

[Event "Tradewise Gibraltar Chess Festival 2013"]
[Site "Gibraltar ENG"]
[Date "2013.01.23"]
[Round "2.23"]
[White "Piasetski, Leon"]
[Black "Kulaots, Kaido"]
[Result "0-1"]
[WhiteElo "2310"]
[BlackElo "2587"]
[PlyCount "60"]
[EventDate "2013.01.22"]
[EventType "swiss"]
[EventRounds "10"]
[EventCountry "ENG"]
[Source "lmi"]
[SourceDate "2013.01.22"]

1. c4 e5 2. Nc3 Nf6 3. g3 Bb4 4. Bg2 O-O 5. e4 Bxc3 6. dxc3 d6 7. Qc2 Nbd7 8.
Nf3 a6 9. O-O b5 10. Nd2 Bb7 11. Re1 Re8 12. b3 Bc6 13. Bb2 Qb8 14. cxb5 axb5
15. c4 b4 16. a3 bxa3 17. Bxa3 Nf8 18. b4 Ba4 19. Qd3 Ne6 20. Reb1 Ra7 21. Nf1
Nd4 22. Ne3 Ng4 23. Nxg4 Bc2 24. Qe3 Bxb1 25. Rxb1 h5 26. Nf6+ gxf6 27. Bc1 Ra2
28. Bf1 Qa7 29. Rb2 Ra1 30. Qh6 Qa4 0-1